Normal view MARC view
  • Foundations

Entry Topical Term

Number of records used in: 1

001 - CONTROL NUMBER

  • control field: 42486

003 - CONTROL NUMBER IDENTIFIER

  • control field: NUST

005 - DATE AND TIME OF LATEST TRANSACTION

  • control field: 20210314132325.0

008 - FIXED-LENGTH DATA ELEMENTS

  • fixed length control field: 210314|| aca||aabn | a|a d

040 ## - CATALOGING SOURCE

  • Original cataloging agency: NUST
  • Transcribing agency: NUST

150 ## - HEADING--TOPICAL TERM

  • Topical term or geographic name entry element: Foundations
  • General subdivision: Mathematical models

670 ## - SOURCE DATA FOUND

  • Source citation: Work cat.: (NUST): Sorokina, G. V. 42485, Engineering properties of weak soils at foundations of buildings /, 1995.
© 2023 Central Library, National University of Sciences and Technology. All Rights Reserved.